000 00469nam a2200181Ia 4500
001 16964
005 20260306170350.0
008 260306t2014||||xx |||||||||||||| ||und||
041 _aESP
082 _a657.3
_bY42
100 _aYchocan Arma, Segundo
_eAUT
245 0 _aContabilidad para gerentes, administradores y propietarios de negocios
260 _c2014
300 _a210 páginas :
_c29 cm.
650 _aGEN
654 _aCCO
942 _cLIB
_dJUS
_fJUS
_2ddc
_n
999 _c16964
_d16964